| 000 | 01171nam a22002657a 4500 | ||
|---|---|---|---|
| 005 | 20090316110612.0 | ||
| 008 | 090316t xxu||||| |||| 00| 0 hin d | ||
| 010 | _aHIN-90974 | ||
| 020 |
_c200.00 _a9788190483773 |
||
| 035 | _aHN-63320 | ||
| 037 | _bDBAD / PUB | ||
| 040 |
_aDPL _bHN |
||
| 082 | _a158.1 | ||
| 100 |
_924114 _aशर्मा, पवित्र कुमार |
||
| 245 |
_aसफलता के शिखर तक / _cपवित्र कुमार शर्मा |
||
| 246 |
_aSafalata ke shikhar tak _bby Pavitra Kumar Sharma |
||
| 260 |
_aदिल्ली _bग्लोबल एक्सचेंज पब्लिशर्स _c2010 |
||
| 270 |
_a1362, कश्मीरी गेट, निकट बॉटा शू कं. _bदिल्ली _e110006 |
||
| 300 |
_a144पृ. _c22सेमी (सजिल्द) |
||
| 650 | _91169 | ||
| 700 | _924212 | ||
| 700 | _924219 | ||
| 942 |
_2ddc _cHN _mशर्माप _h158.1 |
||
| 999 |
_c48593 _d48593 |
||